00966nam a2200253Ia 450000500170000000800290001702000180004610000400006424500350010425000170013930000260015649000290018250502290021165000370044065000350047794200150051226400360052733600270056333700330059033800280062304000350065108400110068699900150069720220317000348.0141031s9999 ck 000 0 spa d a97884788460161 aChejov, Anton Pavlovich,d1860-190410aCuentos rusos cAnton Chéjov a3a edición a119 páginasc21 cm. aLetra grandevVolumen 45 aUn ser debil -- Un final feliz -- Las botas cambiadas -- Un peluquero desesperado -- En la hospedería -- Fama -- Una noche de miedo -- Lotería -- La medalla -- La venganza -- Vañaka -- La corista -- Apellido de caballo142LEMBaLiteratura rusaySiglo XIX142LEMBaCuentos rusosySiglo XIX 2loccBKLIT aMadridbEditorial Popularc2014 atextobtxt2rdacontent asin mediaciónbn2rdamedia avolumenbnc2rdacarrier aCO-BoRNBPbspaerdacCO-BoRNBP aC CHE1 c3838d3838